| 000 | 00603nam a2200193 i 4500 | ||
|---|---|---|---|
| 001 | 129331 | ||
| 003 | ES-MaACL | ||
| 005 | 20230906193500.0 | ||
| 007 | t| | ||
| 008 | 070612s1959 sp ||||1| spa d | ||
| 080 | _a3(038) | ||
| 245 | 0 | 0 | _aTerminología de las Ciencias Sociales. |
| 260 |
_aMadrid : _b[s.n.], _c1959 ( _fGráf. González) |
||
| 300 |
_a247 p. ; _c24 cm. |
||
| 500 | _aPrecede al tít.: Instituto de Estudios Políticos. | ||
| 650 | 1 | 4 |
_aCiencias sociales- _xDiccionarios. _910992 |
| 710 | 2 |
_aInstituto de Estudios Políticos (Madrid) _94924 |
|
| 852 |
_aES-MaACL _jC-17444 _bR.45100 |
||
| 999 |
_c129331 _d129331 |
||